| 000 | 00595cam a2200181 i 4500 | ||
|---|---|---|---|
| 005 | 20251214093920.0 | ||
| 008 | 250721s2004 ts gr 000 0 ara d | ||
| 082 | 1 | 4 |
_a216.53 _bب ص ل |
| 100 | 1 |
_aأبو البصل، علي _eمؤلف. |
|
| 245 | 1 | 0 |
_aدراسات في فقه الأسرة / _cإعداد الدكتور علي أبو البصل. |
| 250 | _aالطبعة الأولى. | ||
| 264 | 3 | 1 |
_aدبي : _bدار القلم، _c2004. |
| 300 | _a214 صفحة. | ||
| 650 | 1 | 7 | _aالفقه الإسلامي. |
| 650 | 1 | 7 | _aالأسرة. |
| 942 |
_2ddc _cBK |
||
| 999 |
_c76166 _d76166 |
||